[Event "DOM-ch"]
[Site "Santo Domingo"]
[Date "2023.02.25"]
[Round "3"]
[White "Barjan Pinedo, Jose Antonio"]
[Black "Mendez Ramirez, Victor"]
[Result "0-1"]
[WhiteElo "2050"]
[BlackElo "2166"]
[PlyCount "75"]
[EventDate "2023.02.24"]
[EventType "swiss"]
[EventRounds "11"]
[EventCountry "DOM"]
[SourceTitle "CBM 213 Extra"]
[Source "ChessBase"]
[SourceDate "2023.05.31"]
[SourceVersion "1"]
[SourceVersionDate "2023.05.31"]
[SourceQuality "1"]

1. e4 e6 2. d4 d5 3. e5 c5 4. c3 Nc6 5. Nf3 Bd7 6. dxc5 Bxc5 7. Bd3 f6 8. Bf4 fxe5 9. Bxe5 Nxe5 10. Nxe5 Qf6 11. Qe2 Bd6 12. Ng4 Qg5 13. Nd2 h5 14. Ne3 Ne7 15. h4 Qf6 16. Nf3 0-0-0 17. a4 e5 18. Bb5 Be6 19. Ng5 Bg8 20. a5 g6 21. 0-0 Nf5 22. g3 Bc7 23. Rfc1 Kb8 24. b4 e4 25. Nxf5 gxf5 26. f4 exf3 27. Qxf3 d4 28. c4 Qd6 29. Ra3 a6 30. c5 Qe7 31. Bf1 Bd5 32. Qf2 Rhf8 33. Re1 Qd7 34. Nh3 f4 35. Qxd4 fxg3 36. Rae3 Qf7 37. Re7 Qf3 38. R7e3 0-1

[Event "DOM-ch"]
[Site "Santo Domingo"]
[Date "2022.02.27"]
[Round "8"]
[White "Barjan Pinedo, Jose Antonio"]
[Black "Mendez Ramirez, Victor"]
[Result "0-1"]
[WhiteElo "2103"]
[BlackElo "2159"]
[PlyCount "100"]
[EventDate "2022.02.18"]
[EventType "swiss"]
[EventRounds "11"]
[EventCountry "DOM"]
[SourceTitle "EXT 2023"]
[Source "ChessBase"]
[SourceDate "2022.10.05"]
[SourceVersion "1"]
[SourceVersionDate "2022.10.05"]
[SourceQuality "1"]

1. e4 e6 2. d4 d5 3. e5 c5 4. c3 Nc6 5. Nf3 Bd7 6. dxc5 Bxc5 7. Bd3 Nge7 8. Qe2 Ng6 9. 0-0 Bb6 10. Re1 Bc7 11. Bxg6 hxg6 12. Bf4 Qe7 13. Na3 a6 14. Nc2 Na5 15. Ncd4 Rh5 16. g4 Rh8 17. Bg3 0-0-0 18. Rec1 Kb8 19. a4 Rc8 20. b4 Nc4 21. a5 Bb5 22. Nxb5 axb5 23. a6 Bb6 24. Qa2 bxa6 25. Qxa6 Qb7 26. Kg2 Qxa6 27. Rxa6 Kb7 28. Rca1 Nb2 29. R6a3 Na4 30. Rc1 Rc7 31. Bf4 Rhc8 32. Ng5 Nxc3 33. Bd2 Ne4 34. Rxc7+ Rxc7 35. Nxe4 dxe4 36. Be3 Bxe3 37. Rxe3 Rc4 38. Rb3 Rd4 39. Rh3 Rxb4 40. Rh7 Rc4 41. Rxg7 Rc7 42. h4 b4 43. h5 e3 44. fxe3 b3 45. h6 b2 46. h7 b1Q 47. h8Q Qe4+ 48. Kg3 Qxe3+ 49. Kh4 Qe1+ 50. Kg5 Qxe5+ 0-1

[Event "DOM-ch"]
[Site "Santo Domingo"]
[Date "2021.05.21"]
[Round "9"]
[White "Barjan Pinedo, Jose Antonio"]
[Black "Feliz Dotel, Dewar Bienvenido"]
[Result "1-0"]
[WhiteElo "2054"]
[BlackElo "2115"]
[PlyCount "103"]
[EventDate "2021.05.07"]
[EventType "swiss"]
[EventRounds "11"]
[EventCountry "DOM"]
[SourceTitle "CBM 203 Extra"]
[Source "ChessBase"]
[SourceDate "2021.09.30"]
[SourceVersion "1"]
[SourceVersionDate "2021.09.30"]
[SourceQuality "1"]

1. e4 c5 2. Nf3 Nc6 3. d4 cxd4 4. Nxd4 g6 5. c4 Bg7 6. Be3 Nf6 7. Nc3 0-0 8. Be2 d6 9. Qd2 Bd7 10. f3 Nxd4 11. Bxd4 Bc6 12. g4 e6 13. h4 d5 14. g5 Nh5 15. Bxg7 Kxg7 16. cxd5 exd5 17. exd5 Bd7 18. Rg1 Qb6 19. 0-0-0 Bf5 20. f4 Rac8 21. Qd4+ Qxd4 22. Rxd4 Rfe8 23. Bxh5 gxh5 24. Kd2 a6 25. Re1 Rxe1 26. Kxe1 Kf8 27. Kd2 Ke7 28. Rb4 b5 29. Ke3 Kd6 30. Kd4 Rb8 31. a4 Bd7 32. Ne4+ Ke7 33. Nf6 Bf5 34. Ke5 Bd3 35. d6+ Kd8 36. axb5 Bxb5 37. Nxh7 Rc8 38. Rd4 Rc5+ 39. Rd5 Rc2 40. b4 Re2+ 41. Kf6 Re4 42. f5 Rxb4 43. g6 fxg6 44. fxg6 Rg4 45. Rxh5 Bd3 46. Ng5 Bxg6 47. Kxg6 Kd7 48. Kf5 Rg1 49. Ke5 a5 50. Rh7+ Kc6 51. Rc7+ Kb6 52. Rc4 1-0

[Event "Santo Domingo op 08"]
[Site "Santo Domingo"]
[Date "2019.08.19"]
[Round "5"]
[White "Barjan Pinedo, Jose Antonio"]
[Black "Beltre Diaz, Omir Olanex"]
[Result "1-0"]
[WhiteElo "2089"]
[BlackElo "1859"]
[PlyCount "75"]
[EventDate "2019.08.12"]
[EventType "swiss"]
[EventRounds "8"]
[EventCountry "DOM"]
[SourceTitle "EXT 2020"]
[Source "ChessBase"]
[SourceDate "2019.10.17"]
[SourceVersion "1"]
[SourceVersionDate "2019.10.17"]
[SourceQuality "1"]

1. e4 c5 2. Nf3 d6 3. d4 cxd4 4. Nxd4 Nf6 5. Nc3 a6 6. Be2 e5 7. Nf3 Be7 8. 0-0 0-0 9. h3 Nbd7 10. Bg5 h6 11. Be3 Qc7 12. Qd2 Nc5 13. Bd3 Be6 14. Rfe1 Rac8 15. a3 Rfd8 16. Rad1 Nxd3 17. cxd3 d5 18. exd5 Nxd5 19. Nxd5 Rxd5 20. Rc1 Qd6 21. Rxc8+ Bxc8 22. Qc3 Bd7 23. d4 e4 24. Ne5 f6 25. Ng6 Bd8 26. Qb3 Kh7 27. Bf4 Qc6 28. Rc1 Qb5 29. Qg3 Rh5 30. Be3 Bf5 31. Nh4 Bb6 32. Nxf5 Rxf5 33. Qb8 Qd5 34. Rc8 Qd7 35. Rh8+ Kg6 36. Qg8 Rb5 37. Rxh6+ Kf5 38. g4# 1-0

[Event "Santo Domingo op 08"]
[Site "Santo Domingo"]
[Date "2019.08.13"]
[Round "3"]
[White "Gomez Vidal, Xavier"]
[Black "Barjan Pinedo, Jose Antonio"]
[Result "1-0"]
[WhiteElo "1821"]
[BlackElo "2089"]
[PlyCount "111"]
[EventDate "2019.08.12"]
[EventType "swiss"]
[EventRounds "8"]
[EventCountry "DOM"]
[SourceTitle "EXT 2020"]
[Source "ChessBase"]
[SourceDate "2019.10.17"]
[SourceVersion "1"]
[SourceVersionDate "2019.10.17"]
[SourceQuality "1"]

1. d4 e6 2. Bf4 d5 3. e3 Nf6 4. c3 Be7 5. Nd2 Nbd7 6. Bd3 c5 7. h3 h6 8. Ngf3 b6 9. Ne5 Nxe5 10. dxe5 Nd7 11. e4 Bg5 12. Bxg5 hxg5 13. exd5 Nxe5 14. Bb5+ Kf8 15. dxe6 a6 16. Qe2 Qd5 17. e7+ Kxe7 18. Bc4 Qd6 19. 0-0-0 Be6 20. Bxe6 Qxe6 21. Rhe1 f6 22. g3 Rxh3 23. f4 gxf4 24. Nc4 Rxg3 25. Qe4 Rd8 26. Rxd8 Kxd8 27. Nxe5 fxe5 28. Rd1+ Ke7 29. Qa8 Qf5 30. Qb7+ Ke8 31. Qc6+ Kf7 32. Rd7+ Kg8 33. Qc8+ Qf8 34. Rd8 Qxd8 35. Qxd8+ Kf7 36. Qxb6 g5 37. Qxc5 Kf6 38. Qf8+ Ke6 39. Qc8+ Kf6 40. Qxa6+ Kf5 41. Qc8+ Ke4 42. a4 f3 43. Qc6+ Ke3 44. Qc5+ Kf4 45. a5 Rg2 46. Qc4+ e4 47. Qf7+ Ke3 48. Qa7+ Ke2 49. Qa6+ Ke1 50. Qd6 e3 51. a6 Kf2 52. a7 Rg1+ 53. Kc2 e2 54. Qc5+ Kf1 55. a8Q e1Q 56. Qxf3+ 1-0

[Event "Santo Domingo Independencia op 8th"]
[Site "Santo Domingo"]
[Date "2019.02.23"]
[Round "6"]
[White "Crispin Ferreras, Darvi Abraham"]
[Black "Barjan Pinedo, Jose Antonio"]
[Result "1-0"]
[WhiteElo "2166"]
[BlackElo "2079"]
[PlyCount "57"]
[EventDate "2019.02.15"]
[EventType "swiss"]
[EventRounds "8"]
[EventCountry "DOM"]
[SourceTitle "CBM 189 Extra"]
[Source "ChessBase"]
[SourceDate "2019.06.03"]
[SourceVersion "1"]
[SourceVersionDate "2019.06.03"]
[SourceQuality "1"]

1. e4 e5 2. Nf3 Nc6 3. Bb5 a6 4. Ba4 Nf6 5. 0-0 b5 6. Bb3 Nxe4 7. Re1 Nc5 8. Bd5 Ne6 9. Nxe5 Bb7 10. d4 Bd6 11. Nxc6 Bxc6 12. Bb3 Qh4 13. h3 0-0-0 14. d5 Bb7 15. dxe6 dxe6 16. Qg4 Qf6 17. Nc3 h6 18. Ne4 Qe7 19. Nxd6+ cxd6 20. c4 h5 21. Qg3 g5 22. cxb5 axb5 23. Bxg5 Qd7 24. Bxd8 Qxd8 25. Red1 e5 26. Bd5 Rg8 27. Bxb7+ Kxb7 28. Qf3+ Kb8 29. Qc6 1-0

[Event "DOM-ch"]
[Site "Santo Domingo"]
[Date "2018.05.05"]
[Round "10"]
[White "Guzman, Christopher"]
[Black "Barjan Pinedo, Jose Antonio"]
[Result "1-0"]
[WhiteElo "2286"]
[BlackElo "2080"]
[PlyCount "87"]
[EventDate "2018.04.20"]
[EventType "swiss"]
[EventRounds "11"]
[EventCountry "DOM"]
[SourceTitle "CBM 184 Extra"]
[Source "ChessBase"]
[SourceDate "2018.06.28"]
[SourceVersion "1"]
[SourceVersionDate "2018.06.28"]
[SourceQuality "1"]

1. e4 e5 2. Nf3 Nc6 3. Bb5 a6 4. Ba4 Nf6 5. 0-0 b5 6. Bb3 Nxe4 7. Re1 Nc5 8. Bd5 Ne6 9. Nxe5 Bb7 10. d4 Bd6 11. Nxc6 Bxc6 12. Bb3 Qh4 13. h3 0-0 14. d5 Nf4 15. Bxf4 Qxf4 16. g3 Qh6 17. dxc6 Qxh3 18. Qf3 dxc6 19. Nd2 Rad8 20. Ne4 Be7 21. Rad1 Rxd1 22. Rxd1 c5 23. Bd5 h6 24. c4 b4 25. Rd3 Qc8 26. Nd2 a5 27. Nb3 a4 28. Na5 Bf6 29. Nc6 Qh3 30. b3 axb3 31. axb3 Kh8 32. Qe2 Qc8 33. Re3 Bg5 34. f4 Bf6 35. Kg2 Qd7 36. Ne5 Bxe5 37. Rxe5 c6 38. Bf3 Ra8 39. Re7 Qc8 40. Rxf7 Ra3 41. Re7 Ra8 42. Qe5 Qf8 43. Bxc6 Ra2+ 44. Kf3 1-0

[Event "DOM-ch"]
[Site "Santo Domingo"]
[Date "2018.04.28"]
[Round "7"]
[White "Barjan Pinedo, Jose Antonio"]
[Black "De Jesus Rosa, Michel"]
[Result "1-0"]
[WhiteElo "2080"]
[BlackElo "2139"]
[PlyCount "155"]
[EventDate "2018.04.20"]
[EventType "swiss"]
[EventRounds "11"]
[EventCountry "DOM"]
[SourceTitle "CBM 184 Extra"]
[Source "ChessBase"]
[SourceDate "2018.06.28"]
[SourceVersion "1"]
[SourceVersionDate "2018.06.28"]
[SourceQuality "1"]

1. e4 e6 2. d4 d5 3. e5 c5 4. c3 Qb6 5. Bd3 Bd7 6. dxc5 Bxc5 7. Qe2 a5 8. Nf3 Ne7 9. Bf4 Nbc6 10. 0-0 a4 11. h3 Ng6 12. Bg3 Na7 13. Bxg6 fxg6 14. Re1 0-0 15. Qc2 Nc6 16. Nbd2 Ne7 17. b4 axb3 18. axb3 Nf5 19. Nf1 Rac8 20. Qa2 Bb5 21. b4 Be7 22. Qd2 h6 23. Bf4 g5 24. Be3 Nxe3 25. Nxe3 Rf4 26. Nc2 Rcf8 27. Ncd4 Bd7 28. Re2 h5 29. Rb1 g4 30. hxg4 hxg4 31. Ne1 g3 32. Nd3 Rg4 33. Rf1 Qd8 34. fxg3 Rxf1+ 35. Kxf1 Bg5 36. Qe1 Qe8 37. Qf2 Bh6 38. Nc5 Rxd4 39. cxd4 Bb5 40. Kg1 b6 41. Nb7 Bxe2 42. Qxe2 Qa8 43. Nd6 Qa1+ 44. Kh2 Qxd4 45. b5 Qe3 46. Qh5 Kh7 47. Nf7 g6 48. Qf3 Qxf3 49. gxf3 Be3 50. Nd8 d4 51. Kg2 d3 52. Kf1 Bd4 53. f4 Be3 54. Nxe6 Kh6 55. g4 Kh7 56. Ke1 Kg8 57. Kd1 Kf7 58. f5 gxf5 59. gxf5 Bh6 60. Nd8+ Ke7 61. Nc6+ Kf7 62. Nb4 Be3 63. e6+ Ke8 64. Nxd3 Ke7 65. Nb4 Kd6 66. Nd3 Bg5 67. Kc2 Kd5 68. Nb4+ Ke5 69. Nc6+ Kd6 70. Kd3 Bf6 71. Ke4 Bg5 72. e7 Kd7 73. Ke5 Bc1 74. f6 Bb2+ 75. Kf5 Ke8 76. Ne5 Ba3 77. Ke6 Bxe7 78. f7+ 1-0

[Event "DOM-chT"]
[Site "Santiago de los Caballeros"]
[Date "2017.08.18"]
[Round "2.3"]
[White "Barjan Pinedo, Jose Antonio"]
[Black "Veloz, Reinaldo"]
[Result "1-0"]
[WhiteElo "2107"]
[BlackElo "1715"]
[PlyCount "23"]
[EventDate "2017.08.17"]
[EventType "team-swiss"]
[EventRounds "6"]
[EventCountry "DOM"]
[SourceTitle "EXT 2019"]
[Source "ChessBase"]
[SourceDate "2018.10.10"]
[SourceVersion "1"]
[SourceVersionDate "2018.10.10"]
[SourceQuality "1"]
[WhiteTeam "Distrito Nacional"]
[BlackTeam "Santiago de los Caballeros II"]
[WhiteTeamCountry "DOM"]
[BlackTeamCountry "DOM"]

1. e4 e5 2. d4 exd4 3. c3 Nc6 4. Bc4 Bc5 5. Nf3 Nf6 6. e5 Ng4 7. cxd4 Bb4+ 8. Nc3 d6 9. h3 Nh6 10. Bg5 Ne7 11. Qa4+ c6 12. Qxb4 1-0